Archivarischer Vandalismus?

Titel: Archivarischer Vandalismus? : Zur Überlieferungsgeschichte frühneuzeitlicher Testamente und Verlassenschaftsabhandlungen in Österreich
Verfasser:
In: Archivalische Zeitschrift, Band 84 (2001), Seite 289-264
alle Artikel anzeigen
Veröffentlicht: 2001
Format: Aufsatz
Sprache: Deutsch
Kein Bild verfügbar
X
alg: 31304689
001A    $01999:23-11-12 
001B    $03036:30-01-19 $t13:05:32.000 
001D    $01999:23-11-12 
001U    $0utf8 
001X    $00 
002@    $0Aox 
003@    $0313046891 
007A    $0313046891 $aHEB 
007T    $0hstad072159 
007T    $0ArchMa04696 
010@    $ager 
011@    $a2001 
021A    $aArchivarischer Vandalismus? $dZur Überlieferungsgeschichte frühneuzeitlicher Testamente und Verlassenschaftsabhandlungen in Österreich 
028A    $aHochedlinger $dMichael 
031A    $d84 $h289-264 $j2001 
039B    $aIn: $8--Abvc--. Archivalische Zeitschrift. - Köln : Böhlau, 1876-. - ISSN 0003-9497 $x200100000840000711 $9047256281 
045T    $a8 

lok: 31304689 74

exp: 31304689 74 1 #EPN
201B/01 $023-11-12 $t17:00:16.000 
201U/01 $0utf8 
203@/01 $0657884952 
208@/01 $a23-11-12 $br 
209A/01 $aA 112/5 - 84 - $ds $f000 $x00 
245Z/01 $aA 000112/00005 - 84 - $x01 
247C/01 $8618460-1 <460>Darmstadt, Hessisches Staatsarchiv Darmstadt, Bibliothek $9102600937 

lok: 31304689 105

exp: 31304689 105 1 #EPN
201B/01 $030-01-19 $t13:05:32.000 
201C/01 $030-01-19 
201U/01 $0utf8 
203@/01 $0104224006X 
208@/01 $a13-12-18 $be 
209A/01 $a/ $f106 $x00 
245Z/01 $a4.09.01. $bArchivwesen Europas / Österreich / Allgemeines $x01 
247C/01 $8->Marburg, Bibliographie zum Archivwesen der Archivschule Marburg $939588196X
LEADER 00000caa a22000002c 4500
001 313046891
003 DE-603
005 20190130130532.0
007 tu
008 121123s2001 xx |||| | u00||u|ger c
035 |a (DE-599)HEB313046891 
040 |a DE-603  |b ger  |c DE-603  |d DE-603 
041 |a ger 
084 |a 8  |2 ssgn 
100 1 |a Hochedlinger, Michael 
245 0 0 |a Archivarischer Vandalismus?  |b Zur Überlieferungsgeschichte frühneuzeitlicher Testamente und Verlassenschaftsabhandlungen in Österreich 
264 0 |c 2001 
773 0 8 |i In:  |t Archivalische Zeitschrift  |d Köln : Böhlau, 1876-  |x 0003-9497  |g Band 84 (2001), Seite 289-264  |w (DE-603)047256281  |w (DE-600)201051-3 
924 0 |9 460  |a (DE-603)657884952  |b DE-460  |c HES  |d d  |g A 112/5 - 84 - 
924 0 |9 -  |a (DE-603)104224006X  |b DE-  |c HES  |d d  |g /